| 000 | 00664cam a22002414a 4500 | ||
|---|---|---|---|
| 003 | UPN | ||
| 005 | 20240806063837.0 | ||
| 008 | 991125s1994 mx a 000 1 spa d | ||
| 020 | _a9683910661 | ||
| 035 | _aUPN01000005589 | ||
| 040 |
_aUPN _bspa _cUPN |
||
| 049 | _aF | ||
| 050 | 4 |
_aPQ7297 A796 _bB47 |
|
| 100 | 1 |
_aArreola, Juan José, _d1918-2001 _928527 |
|
| 245 | 1 | 0 |
_aBestiario / _cJuan José Arreda ; il. Héctor Xavier. |
| 260 |
_aMéxico : _bAlianza : _aCNCA, _c1994. |
||
| 300 |
_a93 p. : _bil. |
||
| 490 | 0 | _aAlianza cien | |
| 650 | 7 |
_aAnimales en la literatura _2 _91055 |
|
| 650 | 4 |
_aLiteratura mexicana _94466 |
|
| 905 | _aLibro | ||
| 942 |
_2lcc _cLIBRO |
||
| 999 |
_c5589 _d5589 |
||